Logo BPK

Biblioteka

Politechniki Koszalińskiej

Profiles in Courage / (Rekord nr 47412)

Szczegóły MARC
000 -ETYKIETA REKORDU
podpole kontrolne o stałej długości 00819nam a2200277 i 4500
001 - NUMER KONTROLNY REKORDU
pole kontrolne bgj
020 ## - MIĘDZYNARODOWY ZNORMALIZOWANY NUMER KSIĄŻKI - ISBN
ISBN 0060806982
040 ## - ŹRÓDŁO KATALOGOWANIA
Instytucja, która utworzyła rekord BPK
041 0# - KOD JĘZYKA
Kod języka tekstu eng
920 ## - Międzynarodowy znormalizowany numer książki – ISBN
ISBN 0-06-080698-2
008 - POLE O STAŁEJ DŁUGOŚCI - DANE KONTROLNE
podpole kontrolne o stałej długości s uk f |000 0 eng
100 1# - NAZWA OSOBOWA
Nazwa osobowa KENNEDY, John [Fitzgerald]
Daty związane z nazwą (1917-1963)
245 10 - TYTUŁ/ODPOWIEDZIALNOŚĆ
Tytuł Profiles in Courage /
Pozostałe elementy strefy tytułu i oznaczenia odpowiedzialności John F. Kennedy ; foreword by Robert F. Kennedy.
250 ## - STREFA WYDANIA
Oznaczenie wydania Commemorative Edition.
260 ## - STREFA ADRESU WYDAWNICZEGO
Miejsce wydania New York :
Nazwa wydawcy/dystrybutora Harper Perennial,
Data publikacji, dystrybucji/powstania dokumentu [1964].
300 ## - STREFA OPISU FIZYCZNEGO
Objętość XXI, 282 pp ;
Rozmiary 18 cm.
504 ## - UWAGA DOTYCZĄCA BIBLIOGRAFII
Informacje o bibliografii Bibliography p. 261-275.
505 ## - SFORMALIZOWANA UWAGA DOTYCZĄCA ZAWARTOŚCI
Pełny tekst uwagi Includes index.
650 #9 - HASŁO PRZEDMIOTOWE W FORMIE NAZWY OGÓLNEJ LUB JEDNOSTKOWEJ
Nazwa ogólna lub geograficzna Legislators
Określnik geograficzny United States
650 #9 - HASŁO PRZEDMIOTOWE W FORMIE NAZWY OGÓLNEJ LUB JEDNOSTKOWEJ
Nazwa ogólna lub geograficzna Courage
Określnik geograficzny United States
651 #9 - HASŁO PRZEDMIOTOWE W FORMIE NAZWY GEOGRAFICZNEJ
Nazwa geograficzna United States
651 #9 - HASŁO PRZEDMIOTOWE W FORMIE NAZWY GEOGRAFICZNEJ
Nazwa geograficzna United States
Określnik ogólny Politics and government
655 ## - TERMIN INDEKSOWY - OKREŚLENIE RODZAJU/FORMY DOKUMENTU
Określenie rodzaju/formy dokumentu Biographies
700 1# - HASŁO DODATKOWE - NAZWA OSOBOWA
Nazwa osobowa KENNEDY, Robert F.
856 ## - LOKALIZACJA I DOSTĘP DO ELEKTRONICZNYCH DOKUMENTÓW ZDALNYCH
Link (URL) http://koha.tu.koszalin.pl/cgi-bin/koha/opac-detail.pl?biblionumber=47412
Tekst linku Katalog online BPK
942 ## - DODATKOWE ELEMENTY (KOHA)
Typ dokumentu Książka
Egzemplarze
Wycofany Status egzemplarza Uszkodzony Dostępność Lokalizacja stała Lokalizacja bieżąca Miejsce przechowywania Sygnatura Kod kreskowy Typ dokumentu
      Dostępny Biblioteka Politechniki Koszalińskiej Biblioteka Politechniki Koszalińskiej Wypożyczalnia Językowa KA 3629 09085862 Książka
© 2023 Biblioteka Politechniki Koszalińskiej :: KOHA